000 00276nam a2200109Ia 4500
008 201217s9999 xx 000 0 und d
100 _aJansson, J. O. and Shneerson, D.
245 0 _aLiner Shipping Economics
260 _aLondon
_bChapman and Hall
300 _a299
942 _cBK
999 _c7653
_d7653